Mechanická technológia Učebnica pre priemyselné školy 1. diel

Bibliographic Details
Main Authors: Bělovský, V. (Author), Trnka, J. (Author), Čeleda, J. (Author), Pixa, J. (Author), Kadrmas, J. (Author), Bufka, J. (Author), Martinovský, J. (Author), Kejval, Zdeněk (Author), Bardfeld, S. (Author)
Other Authors: Dopjera, Josef (Translator)
Format: Book
Language:Slovak
Czech
PhysicalDescription:376, [2] s. fotografie, ilustrácie, tabuľky 8°
Published: Bratislava Slovenské pedagogické nakladateľstvo 1956
Edition:1. vydanie
Subjects:

MARC

LEADER 00000cam a2200000 a 4500
001 vtls001265314
003 SK-MaSNL
005 20260301113057.0
008 200316s1956 xo ao j p 00000 slo
020 |q (brožované) 
035 |a SNK000216240 
035 |a urn:nbn:sk:snk-am3i3oc 
035 |a 1448B436-805B-457C-9C87-752B397422C9 
035 |a urn:nbn:sk:snk-am00disw 
040 |a SNK  |b slo  |c SNK  |e AACR2 
041 1 |a slo  |h cze 
044 |a xo  |c SK 
080 |a 621  |2 2011 
080 |a 620.2-026.5/.8  |2 2011 
080 |a 669.18  |2 2011 
080 |a (075.3)  |2 2011 
240 1 0 |a Mechanická technologie  |l Slovensky 
245 0 0 |a Mechanická technológia  |n 1. diel  |b Učebnica pre priemyselné školy  |c V. Bělovský, J. Trnka, J. Čeleda, J. Pixa, J. Kadrmas, J. Bufka, J. Martinovský, Z. Kejval, S. Bardfeld ; prel. Jozef Dopjera 
250 |a 1. vydanie 
260 |a Bratislava  |b Slovenské pedagogické nakladateľstvo  |c 1956 
300 |a 376, [2] s.  |b fotografie, ilustrácie, tabuľky  |c 8° 
366 |e 3000 kusov 
650 0 7 |a mechanická technológia  |2 SNKPH  |9 261120 
650 0 7 |a vlastnosti materiálov  |2 SNKPH  |9 69700 
650 0 7 |a metalurgia ocele  |2 SNKPH  |9 99604 
655 7 |a učebnice stredných škôl  |2 SNKPH  |9 69323 
700 1 |a Bělovský, V.  |4 aut  |9 454741 
700 1 |a Trnka, J.  |4 aut  |9 454742 
700 1 |a Čeleda, J.  |4 aut  |9 454743 
700 1 |a Pixa, J.  |4 aut  |9 454744 
700 1 |a Kadrmas, J.  |4 aut  |9 454745 
700 1 |a Bufka, J.  |4 aut  |9 454746 
700 1 |a Martinovský, J.  |4 aut  |9 454747 
700 1 |a Kejval, Zdeněk  |4 aut  |9 61835 
700 1 |a Bardfeld, S.  |4 aut  |9 454748 
700 1 |a Dopjera, Josef  |4 trl  |9 187935 
958 |a RK 
958 |a UC 
958 |a OP 
958 |a CZ 
999 |c 712581  |d 714511 
952 |a SNK  |b SNK  |y PREZ  |7 0  |p 17A0798046  |o snkSC 9038/1  |i snkKSP 3/57  |0 0  |1 0  |4 0  |d 2012-08-22  |f 1  |l 0  |r 2025-07-09 00:00:00  |w 2026-02-23 
952 |t P60, <04>, [BOOK], {604}  |a SNK  |b SNK  |y VYP  |7 0  |o snkSC 9038/1 D1  |0 0  |1 0  |4 0  |d 1996-11-06  |l 0  |r 2005-01-01 00:00:00  |w 2026-02-23